| 000 | 00496nam a2200193 a 4500 | ||
|---|---|---|---|
| 001 | 1775555652878 | ||
| 003 | YourLibrary | ||
| 005 | 20260407152610.0 | ||
| 008 | 260407s2008##################000#0#eng## | ||
| 020 | _a9781847242594 | ||
| 082 | 0 | 4 |
_a355.33109 _bROB |
| 100 | 1 |
_aRoberts, Andrew, _eauthor. |
|
| 245 | 1 | 0 | _aThe Art of War : |
| 260 |
_bQuercus, _c2008. |
||
| 300 | _a440 pages | ||
| 650 | 0 | _aBiography & Autobiography. | |
| 942 | _cENGLISH | ||
| 040 |
_aYourLibrary _beng _cYourLibrary |
||
| 999 |
_c618740 _d618740 |
||